Vocaloid Project Diva Future Tone Song - Statistics

General Stats
  • This quiz has been taken 68 times
  • The average score is 28 of 247
Answer Stats
Hint Answer % Correct
FS Rolling Girl
63%
CT The World is Mine
63%
FS Melt
60%
FS PoPiPo
58%
CT Romeo and Cinderella
55%
CT Senbonzakura
50%
FS Senbonzakura- F Edition
50%
FS Meltdown
45%
CT 39
40%
CT 1/6 -out of the gravity-
38%
FS The Disappearance of Hatsune Miku
38%
CT Cendrillon
35%
FS magnet
35%
FS Rin-Chan Now !
35%
CT World's End Dancehall -Live Dance Edition-
35%
CT Electric Angel
33%
FS Butterfly on Your Right Shoulder
30%
CT Deep Sea Girl
30%
FS Love Is War
30%
FS The Intense Voice of Hatsune Miku
30%
CT Age Age Again
28%
FS erase or zero
28%
FS Tokyo Teddy Bear
28%
FS Unhappy Refrain
28%
CT 39 Music !
25%
FS ACUTE
25%
CT Arifureta Sekai Seifuku
25%
CT BRING IT ON
25%
CT HIBANA
25%
CT Kokoro
25%
FS Love-Hate
25%
CT Snowman
25%
FS Two-Faced Lovers
25%
FS AiKotoba
23%
FS Meteor
23%
FS Miracle Paint
23%
CT on the rocks
23%
FS Sweet Devil
23%
CT Alien Alien
20%
FS Cantarella
20%
FS Double Lariat
20%
FS FREELY TOMORROW
20%
FS Ievan Polkka
20%
FS Remote Controller
20%
FS Tell Your World
20%
CT Teo
20%
CT 1925
18%
FS Change me
18%
CT Clover Club
18%
CT *Hello, Planet.
18%
CT Hibikase
18%
FS Knife
18%
FS Packaged
18%
FS Tengaku
18%
FS 2D Dream Fever
15%
FS Akatsuki Arrival
15%
FS DECORATOR
15%
FS Gemini
15%
FS Just Be Friends
15%
FS Karakuri Pierrot
15%
FS Last Night, Good Night
15%
FS Nostalogic
15%
FS ODDS&ENDS
15%
FS Palette
15%
FS Rin Rin Signal -Append Mix-
15%
FS SPiCa -39's Giving Day Edition-
15%
CT Sweet Magic
15%
FS Weekender Girl
15%
FS Yellow
15%
CT Adolescence
13%
FS Ashes to Ashes
13%
FS Blackjack
13%
CT Catch the wave
13%
FS Dear
13%
CT Deep Sea City Underground
13%
FS Doubleganger
13%
FS DYE
13%
FS Envy Cat Walk
13%
FS from Y to Y
13%
FS I'll Miku-Miku You♪ (For Reals)
13%
FS Nekomimi Switch
13%
CT ROKI
13%
CT Shake it!
13%
CT Stardust Utopia
13%
CT Yume Yume
13%
CT Absolunote
10%
CT Black Gold
10%
FS Cat Food
10%
FS Close and Open, Demons and The Dead
10%
FS Dream-Eating Monochrome Baku
10%
FS Gigantic Girl
10%
CT Hand in Hand
10%
FS Hello, Worker
10%
CT JITTERBUG
10%
CT Kimi ni
10%
CT Leia
10%
FS Lover’s Suicide Oblivion
10%
FS MEGANE
10%
FS Melancholic
10%
CT Mousou Sketch
10%
FS Nyanyanyanyanyanyanya!
10%
CT One-Sided Love Samba
10%
CT PIANO*GIRL
10%
CT Piano x Forte x Scandal
10%
FS Promise
10%
FS Rain With A Chance of Sweet*Drops
10%
FS Saihate
10%
FS Sakura no Ame
10%
FS secret police
10%
CT slump
10%
CT The Snow White Princess is
10%
CT Tricolore Airline
10%
FS Wintry Winds
10%
CT AFTER BURNER
8%
FS Break It, Break It!
8%
FS Continuing Dream
8%
FS Grumpy Waltz
8%
FS Hm? Ah, Yes.
8%
FS Jaded
8%
CT LOL -lots of laugh-
8%
FS Look This Way, Baby
8%
CT Lucid Dreaming
8%
CT Master of Puppets
8%
CT melody...
8%
FS moon
8%
CT Nekomimi Archive
8%
CT No Logic
8%
CT Oha-Yo-del!!
8%
CT Out of Eden
8%
FS Paradichlorobenzene
8%
CT Pink Moon
8%
FS Puzzle
8%
CT Solitude’s End
8%
FS Solitude’s End extend edition
8%
FS sound
8%
FS Summer Idol
8%
FS Thousand Year Solo (DIVA edit)
8%
FS Time Machine
8%
FS VOiCE
8%
CT Betty The Liar
5%
CT Bless Your Breath
5%
CT break;down
5%
CT Dance of many
5%
CT Disruptive Diva
5%
CT Francisca
5%
FS Glory 3usi9
5%
FS I’m Your Diva
5%
FS Innocence
5%
CT Interviewer
5%
CT Iya Iya Seijin
5%
CT Jigsaw puzzle
5%
CT Jugemu Sequencer
5%
CT Knight of Light
5%
CT Love’s Note
5%
CT Magical Sound Shower
5%
FS Marginal
5%
CT Nice To Meet You, Mr. Earthling
5%
CT Ooedo Julianight
5%
CT Pane dhiria
5%
CT Paris Cinema Girl
5%
CT PERICO SPACE SHIPPER
5%
FS Pinky Swear
5%
FS Requiem for the Phantasma
5%
CT SING&SMILE
5%
FS soundless voice
5%
CT Step Forward
5%
CT Systematic Love
5%
FS The First Sound
5%
FS The MMORPG Addict's Anthem
5%
FS This is the Happiness and Peace of Mind Committee.
5%
CT Time Limit
5%
FS Torinoko City
5%
FS Two Breaths Walking
5%
FS What Do You Mean!?
5%
FS When the First Love Ends
5%
FS WORLD'S END UMBRELLA
5%
CT Amatsuki Kitsune
3%
FS Beware of the Miku Miku Germs
3%
FS Colorful × Melody
3%
FS Dear cocoa girls
3%
CT Dramaturgy
3%
CT Dreamin Chuchu
3%
CT Equation+**
3%
FS Far Away
3%
CT finder
3%
CT Gizmo
3%
FS God-Tier Tune
3%
CT Greenlights Serenade
3%
CT Here Comes Karakasa-San
3%
CT Idol Radio
3%
FS I Really Do Understand
3%
CT Iroha Uta
3%
CT Kimi no Taion
3%
CT Kipple Industry Inc
3%
CT LIKE THE WIND
3%
FS Love-Colored Ward
3%
CT Maigo Life
3%
CT Meiteki Cybernetics
3%
CT Mellow Yellow
3%
CT Now Choose
3%
CT Rosary Pale
3%
FS Sadistic.Music∞Factory
3%
CT Sayonara Goodbye
3%
CT So much loving you★
3%
CT Song of Eternity -DIVAMIX-
3%
FS Song of Life
3%
CT StargazeR
3%
FS Star Story
3%
CT SYMPHONIC DIVE
3%
CT Terekakushi Shishunki
3%
FS That One Second In Slow Motion
3%
CT The Two of Us
3%
FS VOC@LOID in Love
3%
FS White Dove
3%
CT Wolf Girl
3%
FS Black★Rock Shooter
0%
CT Colorful × Sexy
0%
FS Dreaming Leaf
0%
CT Electro Saturator
0%
FS Fire◎Flower
0%
CT Gothic and Loneliness ~I'm the very DIVA~
0%
CT Hanama Tsukiyomi Tan
0%
CT High School Days
0%
CT Holy Star -2010 DIVA mix-
0%
CT How’d It Get To Be Like This
0%
CT Let Me Lose Myself in The Black Note
0%
FS Luka Luka★Night Fever
0%
FS Monochrome∞Blue Sky
0%
FS Negaposi*Continues
0%
CT Nightmare☆Party Night
0%
CT Quartet of multiple futures
0%
FS Sekiranun Graffiti
0%
CT Skeleton Orchestra and Lilia
0%
CT Soi Yassaa!!
0%
FS Song of Wastelands, Forests, and Magic
0%
FS Starduster
0%
CT Starlite★Lydian
0%
FS Stay with me
0%
FS The secret garden
0%
CT The Star Maker
0%
FS Though My Song Has no Form
0%
FS To the End of Infinity
0%
CT Transparent Watercolors
0%
CT Travel to The Other Side of The Moon
0%
FS Updating My Love List
0%
FS Velvet Arabesque
0%
CT ZIGG-ZAGG
0%
No matching quizzes found
Score Distribution
Percent of People with Each Score
Percentile by Number Answered
Your Score History
You have not taken this quiz